[Event "Ottavi Province-ch 79th"]
[Site "Mestre"]
[Date "2019.01.26"]
[Round "2"]
[White "Marson, Roy"]
[Black "Conte, Edoardo"]
[Result "0-1"]
[WhiteElo "1325"]
[BlackElo "1247"]
[PlyCount "120"]
[EventDate "2019.01.25"]
[EventType "swiss"]
[EventRounds "5"]
[EventCountry "ITA"]
[SourceTitle "EXT 2022"]
[Source "ChessBase"]
[SourceDate "2021.10.06"]
[SourceVersion "1"]
[SourceVersionDate "2021.10.06"]
[SourceQuality "1"]

1. e4 e5 2. Nf3 Nc6 3. Bc4 Bc5 4. d3 h6 5. 0-0 Nf6 6. Nc3 0-0 7. Be3 Bb6 8. d4 d6 9. h3 Re8 10. d5 Na5 11. Bd3 Bxe3 12. fxe3 b6 13. Qe2 Nb7 14. b4 Bd7 15. Ba6 Rb8 16. Qf2 c5 17. Bxb7 Rxb7 18. b5 Qe7 19. Nh4 Nh5 20. Nf5 Bxf5 21. exf5 Qg5 22. g4 Nf6 23. Kh2 Kf8 24. Qg3 Ke7 25. Rg1 h5 26. Raf1 hxg4 27. hxg4 Rh8+ 28. Kg2 Nxg4 29. Rf3 Rh2+ 30. Kf1 Rxc2 31. Ne4 Rc1+ 32. Kg2 Rxg1+ 33. Kxg1 Qh5 34. Qg2 Nf6 35. Nxf6 gxf6 36. Kf2 Qh8 37. Rh3 Qd8 38. e4 c4 39. Rc3 Rc7 40. Qf1 Qc8 41. Ke3 a6 42. a4 axb5 43. axb5 Rc5 44. Qb1 Qg8 45. Kf3 Qg5 46. Qc2 Rxb5 47. Rxc4 Rc5 48. Qa4 Qf4+ 49. Ke2 Qg4+ 50. Kd3 Qf3+ 51. Kc2 Qe2+ 52. Kc3 Qe3+ 53. Kb2 Qe2+ 54. Kb3 Qd1+ 55. Ka3 Ra5 56. Rc7+ Kf8 57. Rc8+ Kg7 58. Qxa5 bxa5 59. Rc6 Qd3+ 60. Kb2 Qxe4 0-1

[Event "Treviso Lega op-B 2nd"]
[Site "Treviso"]
[Date "2018.03.04"]
[Round "5"]
[White "Vianello, Viviana Sofia"]
[Black "Marson, Roy"]
[Result "1/2-1/2"]
[WhiteElo "1321"]
[BlackElo "1276"]
[PlyCount "115"]
[EventDate "2018.03.02"]
[EventType "swiss"]
[EventRounds "5"]
[EventCountry "ITA"]
[SourceTitle "EXT 2022"]
[Source "ChessBase"]
[SourceDate "2021.10.06"]
[SourceVersion "1"]
[SourceVersionDate "2021.10.06"]
[SourceQuality "1"]

1. e4 e5 2. Nf3 Nc6 3. Bb5 a6 4. Bc4 Nf6 5. Nc3 Nxe4 6. Nxe4 d5 7. Bxd5 Qxd5 8. d3 Bg4 9. h3 Bxf3 10. Qxf3 0-0-0 11. Qd1 f5 12. Nc3 Qxg2 13. Ke2 Nd4+ 14. Kd2 Qxf2+ 15. Ne2 Qxe2+ 16. Qxe2 Nxe2 17. Kxe2 g6 18. Bg5 Rd7 19. Rae1 Be7 20. Bd2 Re8 21. Kd1 Bf6 22. Bc3 Bg7 23. Re2 e4 24. Bxg7 Rxg7 25. Rhe1 Rd7 26. Kc1 Rde7 27. dxe4 Rxe4 28. Rxe4 Rxe4 29. Rxe4 fxe4 30. Kd2 Kd7 31. Ke3 Ke6 32. Kxe4 Kf6 33. Kf4 h6 34. Kg4 h5+ 35. Kh4 b6 36. b3 c6 37. c4 b5 38. cxb5 cxb5 39. a3 a5 40. a4 bxa4 41. bxa4 Kf5 42. Kg3 g5 43. Kf3 g4+ 44. hxg4+ hxg4+ 45. Kg3 Kg5 46. Kg2 Kf4 47. Kf2 Ke4 48. Kg3 Kd4 49. Kxg4 Kc4 50. Kf3 Kb4 51. Ke2 Kxa4 52. Kd2 Kb3 53. Kc1 Ka2 54. Kc2 a4 55. Kc1 Ka1 56. Kc2 a3 57. Kb3 a2 58. Kc2 1/2-1/2

[Event "Ottavi Province-ch 78th"]
[Site "Mestre"]
[Date "2018.01.27"]
[Round "2"]
[White "Rizzo, Nicodemo"]
[Black "Marson, Roy"]
[Result "0-1"]
[WhiteElo "1587"]
[BlackElo "1209"]
[PlyCount "46"]
[EventDate "2018.01.26"]
[EventType "swiss"]
[EventRounds "5"]
[EventCountry "ITA"]
[SourceTitle "EXT 2022"]
[Source "ChessBase"]
[SourceDate "2021.10.06"]
[SourceVersion "1"]
[SourceVersionDate "2021.10.06"]
[SourceQuality "1"]

1. d4 d5 2. c4 Nc6 3. e3 Nf6 4. Nf3 Bg4 5. Be2 e6 6. Nc3 Bb4 7. a3 Bxc3+ 8. bxc3 0-0 9. 0-0 Na5 10. Ne5 Bxe2 11. Qxe2 Ne4 12. cxd5 Qxd5 13. c4 Qd6 14. Qc2 Nf6 15. Bd2 Nc6 16. Bc3 Nxe5 17. dxe5 Qc6 18. exf6 Qxc4 19. fxg7 Rfd8 20. Rfd1 f6 21. Qb2 Qa4 22. Rd2 e5 23. Rad1 Qxd1+ 0-1